4 Pí počítač pre aktivačnú analýzu : Kand.diz.práca : V.odb. 11-30-9 : Obh. 03.11.1967 /
Saved in:
| Main Author: | |
|---|---|
| Format: | Manuscript Book |
| Published: |
Bratislava :
Fyzikálny ústav SAV,
1967
|
| Subjects: | |
| Tags: |
No Tags, Be the first to tag this record!
|
MARC
| LEADER | 00000ntm a22000003a 4500 | ||
|---|---|---|---|
| 001 | stu5621 | ||
| 005 | 20150617225807.6 | ||
| 008 | ------s1967----------------------------d | ||
| 040 | |a STU |b slo | ||
| 041 | 0 | ||
| 100 | 1 | |a Šácha, Juraj |4 aut | |
| 245 | 1 | |a 4 Pí počítač pre aktivačnú analýzu : |b Kand.diz.práca : V.odb. 11-30-9 : Obh. 03.11.1967 / |c [aut.] Šácha,Juraj, Ing | |
| 260 | |a Bratislava : |b Fyzikálny ústav SAV, |c 1967 | ||
| 300 | |a 99 s : |b príl | ||
| 650 | 7 | |a aplikovaná fyzika |2 stusub | |
| 996 | |b 284ED00781 |c E*KDIZ-123 |l EE01 |s A |a 24 |w stu5621_0001 | ||